00708nam a2200229Ia 4500003000400000005001700004008004100021020002900062040001700091082002100108100001900129245006600148250001100214260003000225300001500255650001400270650002300284700002000307942000900327952012700336999001500463IIN20250507114215.0250507s2023 xx 001 0 eng d cRs.565.00a9788131266021 aIINbEnglish a610.73 bLOH1 aLohumi, Shama 1 aApplied Sociology for Nurses/cShama Lohumi and Rakesh Lohumi a3rd ed aNew DelhibElsevierc2023 axi, 378 p.1 aSociology1 aSociologyvNursing1 aLohumi, Rakesh  cBOOK 00102ddc40708PURCHaIINbIINcGENd2025-03-11g565.00l0o610.73 LOHp2003r2025-05-07 11:42:47w2025-05-07yBOOK c1808d1808